Del sentimiento trágico de la vida
Guardat en:
| Autor principal: | |
|---|---|
| Format: | Llibre |
| Idioma: | espanyol |
| Publicat: |
Madrid
SARPE
1984
|
| Edició: | 1a. ed |
| Col·lecció: | Los Grandes Pensadores, 23
|
| Matèries: | |
| Etiquetes: |
Afegir etiqueta
Sense etiquetes, Sigues el primer a etiquetar aquest registre!
|
MARC
| LEADER | 00000cam a2200000 a 4500 | ||
|---|---|---|---|
| 001 | UCE2248 | ||
| 003 | CL-VaPUC | ||
| 008 | 140619e19840000sp |||||||||||||||||spa|d | ||
| 020 | |a 844997190X | ||
| 082 | 0 | 4 | |a 864 |b UNA |2 21 |
| 100 | 0 | |a Unamuno, Miguel de |e author |9 312478 | |
| 245 | 1 | 0 | |a Del sentimiento trágico de la vida |
| 250 | |a 1a. ed | ||
| 300 | |a 330 p | ||
| 942 | |c BK | ||
| 945 | |d 20140619 13:53:00 |a dcastane | ||
| 260 | |a Madrid |b SARPE |c 1984 | ||
| 650 | 0 | |a Individualismo |9 313336 | |
| 650 | 0 | |a Filosofía española |9 254895 | |
| 650 | 0 | |a Filósofos españoles |9 321894 | |
| 650 | 7 | |a INMORTALIDAD |2 CL-VaPUC |9 320467 | |
| 650 | 0 | |a Humanismo |9 256530 | |
| 583 | |a last modification |c 20140619 13:53:00 |k Rodrigo Vera | ||
| 490 | 0 | |a Los Grandes Pensadores, 23 | |
| 999 | |c 355897 |d 355895 | ||
| 952 | |0 0 |1 0 |3 erd |4 0 |6 864_000000000000000_UNA_1984 |7 0 |8 X |9 462838 |a FDOBUD |b FDOBUD |i 5042550 |o 864 UNA 1984 |p 5042550 |r 2019-11-23 |w 2019-11-23 |y BK_X |z Catalogado en:20140619 |k BUD | ||